Bowling Ball or Baseball Bat? (Or Both?) - Statistics

General Stats
  • This quiz has been taken 67 times
  • The average score is 5 of 15
Answer Stats
Question Answer % Correct
Phaze Bowling Ball
63%
Cat Baseball Bat
59%
Jewel Bowling Ball
57%
Kinetic Bowling Ball
55%
Journey Bowling Ball
53%
Meta Baseball Bat
51%
Treble Neither
47%
Dynam-x Bowling Ball
39%
Zen Both
24%
Stealth Both
22%
Striker Neither
20%
Raptor Both
16%
Phantom Both
16%
Voodoo Both
14%
Dark Baseball Bat
12%
No matching quizzes found
Score Distribution
Percent of People with Each Score
Percentile by Number Answered
Your Score History
You have not taken this quiz